000 01015nam a22002537a 4500
999 _c1150
_d1150
003 AR-CdUCM
008 190226b ||||| |||| 00| 0 eng d
040 _aMUNICIPALIDAD PROVINCIAL DEL CUSCO
_cBIBLIOTECA MUNICIPAL DEL CUSCO
041 _hswe
082 _22ed.
_a949.4 /
_bE5
110 _aComisión de Coordinación para la Presencia de Suiza en el Extranjero
_94509
245 _aEncuentro con Suiza :
_bVida económica e Industrias de exportación /
260 _aSuiza :
_bOficina Suiza de expansion comercial,Lausana ,
_c1982.
300 _a115 páginas ;
_bFotografías,
_c21 cm.
440 _aEncuentro con Suiza
_94510
505 _aEl lugar de Suiza en el mundo -- Antes de la prosperidad -- Difícil desenvolvimiento de la Industria -- Exportar o Vegetar -- Pioneros de antaño...
650 _aSuiza
_92097
650 _aDesarrollo Económico
_91696
650 _aIndustria
_94386
650 _aFotografía
_94511
650 _aQuímica
_94512
942 _2ddc
_cLIBROS
945 _admma
_d2019-02-26